<?xml version="1.0" encoding="UTF-8"?>
<record
    xmlns:xsi="http://www.w3.org/2001/XMLSchema-instance"
    xsi:schemaLocation="http://www.loc.gov/MARC21/slim http://www.loc.gov/standards/marcxml/schema/MARC21slim.xsd"
    xmlns="http://www.loc.gov/MARC21/slim">

  <leader>01634nam a22002417a 4500</leader>
  <datafield tag="999" ind1=" " ind2=" ">
    <subfield code="c">6409</subfield>
    <subfield code="d">6409</subfield>
  </datafield>
  <controlfield tag="003">DO-SdBJH</controlfield>
  <controlfield tag="005">20210805120304.0</controlfield>
  <controlfield tag="008">210805b           ||||| |||| 00| 0 spa d</controlfield>
  <datafield tag="040" ind1=" " ind2=" ">
    <subfield code="a">DO-SdBJH</subfield>
    <subfield code="b">spa</subfield>
    <subfield code="c">DO-SdBJH</subfield>
  </datafield>
  <datafield tag="090" ind1=" " ind2=" ">
    <subfield code="a">TG ANGM</subfield>
    <subfield code="b">01635 2019</subfield>
  </datafield>
  <datafield tag="100" ind1="1" ind2=" ">
    <subfield code="a">Encarnaci&#xF3;n P&#xE9;rez, Carlos Yamel</subfield>
    <subfield code="e">sustentante</subfield>
  </datafield>
  <datafield tag="245" ind1="1" ind2="0">
    <subfield code="a">Situaci&#xF3;n actual y prospectiva de la Escuela de Sub-Oficiales de la Armada de Rep&#xFA;blica Dominicana / </subfield>
    <subfield code="c"> Carlos Yamel Encarnaci&#xF3;n P&#xE9;rez, &#xC1;ngel Kenedy Zacar&#xED;as Est&#xE9;vez, asesores Manuel Virgilio Feliz Ledesma, Luis Almanzar Guzm&#xE1;n </subfield>
  </datafield>
  <datafield tag="260" ind1=" " ind2=" ">
    <subfield code="a">Santo Domingo Este :</subfield>
    <subfield code="b">INSUDE, </subfield>
    <subfield code="c">2019</subfield>
  </datafield>
  <datafield tag="300" ind1=" " ind2=" ">
    <subfield code="a">iii, 59 p&#xE1;ginas, cuadros</subfield>
  </datafield>
  <datafield tag="502" ind1=" " ind2=" ">
    <subfield code="a">Trabajo de grado (Licenciado en Ciencias Navales). -- Instituto Superior para la Defensa (INSUDE). Academia Naval Marina de Guerra &#x201C;Vicealmirante Cesar D&#x2019;Windt Lavandier&#x201D;, 2019</subfield>
  </datafield>
  <datafield tag="504" ind1=" " ind2=" ">
    <subfield code="a">Incluye referencias bibliogr&#xE1;ficas e &#xED;ndices</subfield>
  </datafield>
  <datafield tag="505" ind1=" " ind2=" ">
    <subfield code="a">Antecedentes hist&#xF3;ricos, marco legal, categor&#xED;a e suboficial, conformaci&#xF3;n del suboficial. -- Escuela modelos, escuelas simultaneas a la escuela suboficiales, departamento encargados de la educaci&#xF3;n y entrenamiento de los suboficiales en la Armada de Rep&#xFA;blica Dominicana. -- Situaci&#xF3;n actual y prospectiva de la escuela de suboficiales de la Armada de Rep&#xFA;blica Dominicana</subfield>
  </datafield>
  <datafield tag="700" ind1="1" ind2=" ">
    <subfield code="a"> Zacar&#xED;as Est&#xE9;vez,  &#xC1;ngel Kenedy</subfield>
    <subfield code="e">sustentante</subfield>
  </datafield>
  <datafield tag="700" ind1="1" ind2=" ">
    <subfield code="a">Feliz Ledesma, Manuel Virgilio </subfield>
    <subfield code="e">asesor</subfield>
  </datafield>
  <datafield tag="700" ind1="1" ind2=" ">
    <subfield code="a">Almanzar Guzm&#xE1;n, Luis </subfield>
    <subfield code="e">asesor</subfield>
  </datafield>
  <datafield tag="830" ind1=" " ind2=" ">
    <subfield code="a">INSUDE.  Academia Naval Marina de Guerra &#x201C;Vicealmirante Cesar D&#x2019;Windt Lavandier&#x201D;. Tesis y disertaciones acad&#xE9;micas</subfield>
  </datafield>
  <datafield tag="942" ind1=" " ind2=" ">
    <subfield code="2">CL</subfield>
    <subfield code="c">T</subfield>
  </datafield>
  <datafield tag="952" ind1=" " ind2=" ">
    <subfield code="0">0</subfield>
    <subfield code="1">0</subfield>
    <subfield code="2">CL</subfield>
    <subfield code="4">0</subfield>
    <subfield code="7">1</subfield>
    <subfield code="8">TG</subfield>
    <subfield code="a">BJHA</subfield>
    <subfield code="b">BJHA</subfield>
    <subfield code="d">2021-08-05</subfield>
    <subfield code="i">01635</subfield>
    <subfield code="l">0</subfield>
    <subfield code="o">TG ANGM 01635 2019</subfield>
    <subfield code="p">01635</subfield>
    <subfield code="r">2021-08-05 00:00:00</subfield>
    <subfield code="t">e.1</subfield>
    <subfield code="w">2021-08-05</subfield>
    <subfield code="y">T</subfield>
  </datafield>
</record>
